Vrai ou Faux (spécial Ligue 1) - Statistiques

Statistiques générales
  • Ce quiz a été pris 163 fois
  • Le résultat moyen est 6 sur 10
Statistiques - réponses
Question Réponse % Correct
Le PSG détient le record de points marqués en une saison Vrai
100%
Les droits télévisés du championnat de France ont quasiment doublés entre 2012 et 2020 Vrai
100%
Guy Roux est l'entraîneur détenant le plus de matchs en Ligue 1 Vrai
100%
Jimmy Briand est le joueur encore en activité comptant le plus de matchs en Ligue 1 Faux
67%
Bernard Lacombe est le meilleur buteur de l'histoire du championnat Faux
67%
L'AS Saint-Etienne est le club ayant disputé le plus de saisons en Ligue 1 Faux
67%
Vitorino Hilton est le joueur en activité le plus âgé du championnat Vrai
67%
Edinson Cavani est le meilleur buteur de Ligue 1 encore en activité Vrai
67%
Le stade de Reims, Les Girondins de Bordeaux et Lille OSC comptent tous les trois 6 titres de champion de France Faux
0%
Les dix plus gros recrutement de Ligue 1 sont des transferts concernant le PSG Faux
0%
Aucun quiz correspondant
Distribution des résultats
% des personnes avec chaque résultat
Percentile par nombre de réponses
Votre historique - résultats
Vous n’avez pas pris ce quiz